| 000 | 00000nam 2200000zi 4500 |
| 001 | 9.903434 |
| 003 | CaOODSP |
| 005 | 20230113150308 |
| 006 | m o d f |
| 007 | cr cn||||||||| |
| 008 | 210920t20222022onc ob f000 0 eng d |
| 020 | |a9780660403830 |
| 040 | |aCaOODSP|beng|erda|cCaOODSP |
| 043 | |an-cn--- |
| 086 | 1 |aA118-10/39-2020E-PDF |
| 245 | 00|aCrop profile for hops in Canada, 2020 / |cprepared by Pest Management Centre, Agriculture and Agri-Food Canada. |
| 264 | 1|aOttawa, ON, Canada : |bAgriculture and Agri-Food Canada = Agriculture et agroalimentaire Canada, |c2022. |
| 264 | 4|c©2022 |
| 300 | |a1 online resource (58 pages) |
| 336 | |atext|btxt|2rdacontent |
| 337 | |acomputer|bc|2rdamedia |
| 338 | |aonline resource|bcr|2rdacarrier |
| 500 | |aIssued also in French under title: Profil de la culture du houblon au Canada, 2020. |
| 504 | |aIncludes bibliographical references (pages 56-58). |
| 650 | 0|aHops|xDiseases and pests|xControl|zCanada. |
| 650 | 0|aHops|zCanada. |
| 710 | 1 |aCanada. |bAgriculture and Agri-Food Canada, |eissuing body. |
| 710 | 2 |aPest Management Centre (Canada), |eissuing body. |
| 775 | 08|tProfil de la culture du houblon au Canada, 2020 / |w(CaOODSP)9.903436 |
| 856 | 40|qPDF|s1.08 MB|uhttps://publications.gc.ca/collections/collection_2023/aac-aafc/A118-10-39-2020-eng.pdf |
| 986 | |a13088E |